Ricostruisci la Carriera del Calciatore - Josip Iličić - Statistics

Statistiche generali
  • Questo quiz è stato fatto 4 volte
  • Il punteggio medio è 4 su 7
Statistiche sulle risposte
Hint Risposta % Corretto
2017-2022 Atalanta
75%
2013-2017 Fiorentina
75%
2010 Maribor
75%
2010-2013 Palermo
75%
2008-2010 Interblock
50%
2022- Maribor
50%
2007-2008 Bonifika
25%
Nessun quiz corrispondente trovato
Distribuzione punteggi
Percentuale di utenti per punteggio
Percentile per numero di risposta
I tuoi punteggi nel tempo
Non hai fatto questo quiz